000
00417nam a2200145Ia 4500
008
090124s9999 xx 000 0 und d
082
_b
205724
245
_a
रोशनी और अंधेरा
250
_a
1
260
_b
शकुन सत्य
_c
1999
300
_a
150
630
_a
रोशनी और अंधेरा
730
_a
रोशनी और अंधेरा
942
_c
BOOK
999
_c
187308
_d
187308